00426nam a22001457a 4500999001900000003000500019038001100024082001500035100003200050245003200082260003900114300001300153942001200166952010200178 c531816d531816NUST awaseem a297.5bSHE aSheikh, Mumtaz Ahmed924901 aLooh /cMumtaz Ahmed Sheikh aKarachi :bRabar Publisher,c2019. a672 p. ; 2ddccBK 00102ddc4070aCLbCLd2019-10-29eDonationl0o297.5 SHEpCL-D-758r2019-10-29w2019-10-29yBK